Statistics for Merged Countries #7

Click here to take the quiz!

General Stats

  • This quiz has been taken 18,272 times
  • The average score is 17 of 20

Answers on the Map

Answers color-coded by a green-red scale on the quiz's map according to % correct below.
Loading ...
 

Answer Stats

Merged Countries% Correct
United States
98%
France
96%
Canada
96%
Spain
95%
Egypt
94%
Libya
90%
Chile
89%
Argentina
88%
Poland
88%
Iran
87%
Iraq
84%
Angola
83%
Belarus
83%
Zambia
78%
Ecuador
72%
Colombia
72%
India
69%
Vietnam
67%
Laos
67%
Nepal
66%

Score Distribution

Percentile by Number Answered

Percent of People with Each Score

Your Score History

You have not taken this quiz